000 00312nam a22001337a 4500
008 181019b xxu||||| |||| 00| 0 eng d
020 _a9780673994400
041 _aeng
080 _23rd
_a311
100 _a55
101 _aSTA
245 _aStatistical Concepts a Basic Program
_cBrown,F.Ll
942 _2udc
_cBK
999 _c50207
_d50207